000 00967nam a22003137a 4500
001 0051405
003 KOHA_MİRAKIL
005 20260207003804.0
007 ta
008 150629b2010 tu a|||gr||||#||||0|tur |
020 _a9786053953043
040 _aTR-BiSEU
_btur
_cTR-BiSEU
_erda
041 0 _atur
044 _ctu
050 _aQK376
_b.T49 2010
100 1 _aTezer, Mahmure Nakiboğlu..
245 1 _aÇiçekli bitkiler/
_cMahmure Nakiboğlu. Tezer ; Mahmure Nakiboğlu Tezer, İsa Gökler, Teoman Kesercioğlu..
264 1 _aAnkara :
_bNobel Yayınları
_c2010
300 _a151 sayfa :
_bresimli ;
_c24 cm.
336 _ametin
_btxt
_2rdacontent
337 _aaracısız
_bn
_2rdamedia
338 _acilt
_bnc
_2rdacarrier
490 1 _aNobel yayın ;
_v1495.
490 1 _a Fen Bilimleri ;
_v101
650 0 _aBotany--Turkey.
_925812
830 1 _aNobel yayın ;
_v1495.
_91510
830 1 _a Fen Bilimleri ;
_v101
_995575
942 _2lcc
_cBK
999 _c51229
_d51229